[Event "Olimpiade 2014 - Open"]
[Site "Tromsø"]
[Date "04.08.2014"]
[Round "3.57"]
[Board "4"]
[White "Shrestha, Keshav"]
[Black "Gundavaa, Bayarsaikhan"]
[Result "1/2-1/2"]
[WhiteTitle "CM"]
[BlackTitle "GM"]
[WhiteElo "2137"]
[BlackElo "2501"]
[WhiteTeam "Nepal"]
[BlackTeam "Mongolia"]
[WhiteFideId "12300055"]
[BlackFideId "4901045"]
[EventDate "2014.08.02"]

1. e4 c5 2. c3 d5 3. exd5 Qxd5 4. d4 g6 5. Nf3 Bg7 6. Na3 Nh6 7. Bc4 Qe4+ 8. Be2
cxd4 9. Nb5 Na6 10. Nbxd4 O-O 11. O-O Qd5 12. Nb5 Rd8 13. Be3 Bg4 14. Qxd5 Rxd5
15. Rfd1 Rxd1+ 16. Rxd1 e5 17. h3 Be6 18. a3 Nf5 19. Bxa7 f6 20. Bb6 Ne7 21. Nd6
Bb3 22. Bc4+ Bxc4 23. Nxc4 Nc8 24. Rd8+ Bf8 25. Be3 Rb8 26. b4 Kf7 27. Nb6 Nxb6
28. Rxb8 Nxb8 29. Bxb6 Nd7 30. Be3 b5 31. Nd2 Ke6 32. c4 bxc4 33. Nxc4 f5 34.
Kf1 f4 35. Ba7 e4 36. Ke2 Kd5 37. Nb6+ Nxb6 38. Bxb6 Kc4 39. Bc7 g5 40. f3 e3
41. g3 Bh6 42. gxf4 gxf4 43. Bd6 Kb5 44. Kd3 Bg5 45. Be5 Ka4 46. Bc3 Bh4 47. Be5
Bg3 48. Bd6 Kb5 49. Bc5 Ka4 50. Bd4 Kb5 51. Bxe3 fxe3 52. Kxe3 Be5 53. f4 Bb2
54. f5 Bxa3 55. f6 Bxb4 56. Ke4 Kc6 1/2-1/2

[Event "Olimpiade 2014 - Open"]
[Site "Tromsø"]
[Date "04.08.2014"]
[Round "3.58"]
[Board "1"]
[White "Chumfwa, Stanley"]
[Black "Lie, Espen"]
[Result "1-0"]
[WhiteTitle "IM"]
[BlackTitle "IM"]
[WhiteElo "2317"]
[BlackElo "2435"]
[WhiteTeam "Zambia"]
[BlackTeam "Norway 3"]
[WhiteFideId "8700117"]
[BlackFideId "1502611"]
[EventDate "2014.08.02"]

1. e4 e5 2. Nf3 Nc6 3. Bb5 a6 4. Ba4 Nf6 5. O-O Be7 6. Re1 b5 7. Bb3 d6 8. c3
O-O 9. h3 Na5 10. Bc2 c5 11. d4 Qc7 12. Nbd2 Bd7 13. Nf1 Nc4 14. Ng3 g6 15. b3
Nb6 16. dxe5 dxe5 17. Qd2 Bc6 18. Qh6 Rfe8 19. Bg5 Bf8 20. Qh4 Nfd7 21. Nh2 Re6
22. Ng4 h5 23. Nh6+ Bxh6 24. Bxh6 Qd8 25. Bg5 f6 26. Be3 Qe7 27. Rad1 Nf8 28.
Ne2 Be8 29. f3 Rc6 30. Qf2 Ne6 31. f4 exf4 32. Nxf4 Nxf4 33. Bxf4 Re6 34. Qg3
Nd7 35. Bd6 Qg7 36. Qd3 Bf7 37. a4 c4 38. bxc4 bxc4 39. Qd5 Ree8 40. Qd4 Ne5 41.
a5 Re6 42. Rf1 Kh7 43. Ba4 Rg8 44. Bxe5 Rxe5 45. Qb6 Re6 46. Rd6 Rxd6 47. Qxd6
Be8 48. Bc2 Rf8 49. Qxa6 Qc7 50. Rxf6 Qc5+ 51. Kh1 Rxf6 52. Qxf6 Qxa5 53. Qe7+
Kh6 54. Qf8+ Kh7 55. Qxe8 Qxc3 56. Qd7+ Kh6 57. Qd1 1-0

[Event "Olimpiade 2014 - Open"]
[Site "Tromsø"]
[Date "04.08.2014"]
[Round "3.58"]
[Board "2"]
[White "Djurhuus, Rune"]
[Black "Jere, Daniel"]
[Result "1/2-1/2"]
[WhiteTitle "GM"]
[BlackTitle "IM"]
[WhiteElo "2436"]
[BlackElo "2405"]
[WhiteTeam "Norway 3"]
[BlackTeam "Zambia"]
[WhiteFideId "1500082"]
[BlackFideId "8700249"]
[EventDate "2014.08.02"]

1. d4 Nf6 2. c4 g6 3. Nc3 Bg7 4. e4 d6 5. Be2 O-O 6. Nf3 e5 7. O-O Nc6 8. d5 Ne7
9. b4 Nh5 10. Re1 f5 11. Ng5 Nf6 12. Bf3 c6 13. Bb2 cxd5 14. cxd5 fxe4 15. Ncxe4
Nxe4 16. Bxe4 Qb6 17. Qd2 Bh6 18. h4 Nf5 19. Bxf5 Rxf5 20. Re4 Bd7 21. Qe3 Qxe3
22. Rxe3 Rf4 23. Ne4 Rxh4 24. Ree1 Rf8 25. Nxd6 Bd2 26. Rxe5 Rxb4 27. Re7 Rxb2
28. Rxd7 Bc3 29. Rc1 Bd4 30. Kh1 Rbxf2 31. Nxb7 Rf1+ 32. Rxf1 Rxf1+ 33. Kh2 Rf7
34. Rd8+ Kg7 35. Nd6 Be5+ 36. Kh3 Bxd6 37. Rxd6 Kh6 38. Re6 Kg5 39. d6 Kf5 40.
Re7 Kf6 41. Rc7 Ke6 42. Rc6 Kd7 43. Rc7+ Ke8 44. Kg4 h6 45. Rc6 Rf2 46. g3 Rxa2
47. d7+ Kxd7 48. Rxg6 Rh2 49. Rg7+ Ke6 50. Rxa7 1/2-1/2

[Event "Olimpiade 2014 - Open"]
[Site "Tromsø"]
[Date "04.08.2014"]
[Round "3.58"]
[Board "3"]
[White "Mwali, Chitumbo"]
[Black "Holm, Kristian Stuvik"]
[Result "0-1"]
[WhiteTitle "IM"]
[BlackTitle "FM"]
[WhiteElo "2250"]
[BlackElo "2275"]
[WhiteTeam "Zambia"]
[BlackTeam "Norway 3"]
[WhiteFideId "8700265"]
[BlackFideId "1508083"]
[EventDate "2014.08.02"]

1. c4 Nf6 2. g3 e6 3. Bg2 d5 4. Nf3 dxc4 5. Qc2 b5 6. a4 b4 7. Ne5 Nd5 8. O-O
Be7 9. Nxc4 c5 10. d3 Nc6 11. Nbd2 O-O 12. Nb3 Ba6 13. e3 Rc8 14. Rd1 Qc7 15. f4
Rfd8 16. a5 Bb5 17. Qe2 Qb7 18. Bd2 Qa6 19. Be1 Nf6 20. Bf2 Bxc4 21. dxc4 Rxd1+
22. Qxd1 Qxc4 23. Rc1 Qb5 24. Bf1 Qb8 25. Qf3 Nd7 26. e4 Qc7 27. Bb5 Rd8 28. a6
Qb6 29. Qe2 Na5 30. Nd2 Nb8 31. Be3 Rxd2 32. Bxd2 c4+ 33. Be3 Qxb5 34. Bxa7 Nbc6
35. Bf2 Qxa6 36. e5 Qb5 37. Rd1 b3 38. Qe3 g6 39. h4 Nb4 40. Qa7 Nac6 41. Qd7
Nd3 42. Ra1 Nxf2 43. Kxf2 Qc5+ 44. Kf1 0-1

[Event "Olimpiade 2014 - Open"]
[Site "Tromsø"]
[Date "04.08.2014"]
[Round "3.58"]
[Board "4"]
[White "Mihajlov, Sebastian"]
[Black "Chumfwa, Kelvin"]
[Result "0-1"]
[WhiteTitle "CM"]
[BlackTitle "FM"]
[WhiteElo "2305"]
[BlackElo "2193"]
[WhiteTeam "Norway 3"]
[BlackTeam "Zambia"]
[WhiteFideId "1512110"]
[BlackFideId "8700435"]
[EventDate "2014.08.02"]

1. d4 Nf6 2. c4 e6 3. Nc3 Bb4 4. f3 c5 5. d5 b5 6. e4 bxc4 7. Bxc4 Nxd5 8. Bxd5
exd5 9. Qxd5 Nc6 10. Ne2 Ba6 11. Kf2 Ne7 12. Qe5 O-O 13. Rd1 Rb8 14. Ng3 Bc4 15.
Nh5 f6 16. Qg3 Rf7 17. Rxd7 Qxd7 18. Qxb8+ Rf8 19. Qg3 Ng6 20. Be3 Qd3 21. Rd1
Qc2+ 22. Rd2 Qc1 23. Qc7 Qf1+ 24. Kg3 Bf7 25. Rd1 Qc4 26. Kf2 Ne5 27. Nf4 Bxc3
28. bxc3 Qxa2+ 29. Kg1 g5 30. Bxc5 gxf4 31. Bxf8 Kxf8 32. h3 Qe2 33. Ra1 Qe3+
34. Kh1 a6 35. Qc8+ Kg7 36. Qxa6 Nxf3 37. gxf3 Qxf3+ 38. Kh2 Qg3+ 39. Kh1 Bh5
40. Qb7+ Kg6 41. Rf1 Qxh3+ 42. Kg1 Qg3+ 43. Kh1 Bf3+ 44. Rxf3 Qxf3+ 45. Kg1 Qe3+
46. Kh1 f3 47. Qd5 Qe1+ 48. Kh2 Qh4+ 0-1

[Event "Olimpiade 2014 - Open"]
[Site "Tromsø"]
[Date "04.08.2014"]
[Round "3.59"]
[Board "1"]
[White "Dias, Paulo"]
[Black "Pascoal, Eduardo A"]
[Result "1/2-1/2"]
[WhiteTitle "IM"]
[BlackTitle "FM"]
[WhiteElo "2416"]
[BlackElo "2181"]
[WhiteTeam "Portugal"]
[BlackTeam "Angola"]
[WhiteFideId "1900803"]
[BlackFideId "10100326"]
[EventDate "2014.08.02"]

1. d4 Nf6 2. c4 e6 3. Nc3 Bb4 4. e3 b6 5. Ne2 O-O 6. a3 Bxc3+ 7. Nxc3 d5 8. b4
Bb7 9. c5 Nbd7 10. f4 Ne4 11. Nxe4 dxe4 12. Be2 Bd5 13. O-O f5 14. Bd2 Rf6 15.
Be1 Rh6 16. Bg3 c6 17. a4 a5 18. cxb6 Nxb6 19. bxa5 Nc4 20. Qc1 Nxa5 21. Qc3 Qc7
22. Rab1 Rf6 23. Rb4 Rff8 24. Rfb1 Ra7 25. Be1 Rfa8 26. Qb2 h6 27. Bc3 Kh7 28.
h3 Rg8 29. Rb6 Nc4 30. Bxc4 Bxc4 31. Rb7 Rxb7 32. Qxb7 Qxb7 33. Rxb7 Bd5 34. Rb6
g5 35. fxg5 hxg5 36. a5 Ra8 37. Bb4 Kg6 38. Kf2 f4 39. Bd2 f3 40. a6 fxg2 41.
Kxg2 Kf5 42. Kg3 Bc4 43. Rxc6 Bxa6 44. Rc5+ Kf6 45. Bc3 Rc8 46. Ba5 Rxc5 47.
Bd8+ Kg6 48. dxc5 e5 49. c6 Bc8 50. Be7 Bf5 51. Bd6 Kf6 52. Bb4 Bc8 53. Ba5 Bf5
54. Bd8+ Kg6 55. Ba5 1/2-1/2

[Event "Olimpiade 2014 - Open"]
[Site "Tromsø"]
[Date "04.08.2014"]
[Round "3.59"]
[Board "2"]
[White "Domingos, Catarino"]
[Black "Ferreira, Jorge Viterbo"]
[Result "0-1"]
[WhiteTitle "FM"]
[BlackTitle "IM"]
[WhiteElo "2280"]
[BlackElo "2413"]
[WhiteTeam "Angola"]
[BlackTeam "Portugal"]
[WhiteFideId "10100253"]
[BlackFideId "1910850"]
[EventDate "2014.08.02"]

1. e4 g6 2. d4 Bg7 3. Nc3 d6 4. Nf3 a6 5. a4 b6 6. Bc4 e6 7. O-O Ne7 8. Be3 Nd7
9. Qe2 h6 10. Ne1 Bb7 11. f4 O-O 12. Bd3 c5 13. dxc5 bxc5 14. Nd1 d5 15. exd5
exd5 16. c3 d4 17. Bd2 Re8 18. Kh1 Nf5 19. Qf2 Nf6 20. cxd4 Ng4 0-1

[Event "Olimpiade 2014 - Open"]
[Site "Tromsø"]
[Date "04.08.2014"]
[Round "3.59"]
[Board "3"]
[White "Rocha, Sergio"]
[Black "Agnelo, Amorim"]
[Result "1-0"]
[WhiteTitle "IM"]
[BlackTitle "IM"]
[WhiteElo "2392"]
[BlackElo "2225"]
[WhiteTeam "Portugal"]
[BlackTeam "Angola"]
[WhiteFideId "1900404"]
[BlackFideId "10100180"]
[EventDate "2014.08.02"]

1. e4 c5 2. b3 Nc6 3. Bb2 e6 4. Nc3 Nge7 5. f4 d5 6. Nf3 dxe4 7. Nxe4 Nf5 8. Bb5
Bd7 9. Bxc6 Bxc6 10. Qe2 Nd4 11. Bxd4 cxd4 12. O-O Be7 13. Ne5 O-O 14. Nxc6 bxc6
15. d3 Qd5 16. Nd2 Rae8 17. Nc4 Bd6 18. Rae1 Bb4 19. Rd1 Bd6 20. Qe4 Bc7 21.
Rde1 g6 22. Re2 Rd8 23. Qf3 Qxf3 24. Rxf3 Rd5 25. g3 Rfd8 26. Rf1 Kg7 27. Kg2 h5
28. h3 Bb8 29. Kf3 h4 30. g4 g5 31. fxg5 Rxg5 32. Re4 Rdd5 33. Ke2 Bg3 34. Nd2
Rge5 35. Nc4 Rg5 36. Nd2 Rge5 37. Nc4 Rg5 38. a3 Kf8 39. Rxe6 c5 40. Nd2 Kg7 41.
Ref6 Rge5+ 42. Ne4 Re7 43. R1f5 Rdd7 44. Rc6 Rc7 45. Rfxc5 Rcd7 46. Kf3 Be1 47.
Rg5+ 1-0

[Event "Olimpiade 2014 - Open"]
[Site "Tromsø"]
[Date "04.08.2014"]
[Round "3.59"]
[Board "4"]
[White "Simoes, Joao ANG"]
[Black "Santos, Hugo Lima"]
[Result "1/2-1/2"]
[WhiteTitle "CM"]
[WhiteElo "2245"]
[BlackElo "2266"]
[WhiteTeam "Angola"]
[BlackTeam "Portugal"]
[WhiteFideId "10100520"]
[BlackFideId "1913026"]
[EventDate "2014.08.02"]

1. d4 Nf6 2. Nf3 g6 3. c4 Bg7 4. g3 O-O 5. Bg2 d6 6. O-O Nbd7 7. Nc3 e5 8. e4 a6
9. Re1 exd4 10. Nxd4 Re8 11. h3 Rb8 12. Be3 c5 13. Nc2 Ne5 14. b3 b5 15. f4 Ned7
16. cxb5 axb5 17. Qxd6 Nh5 18. Ne2 Bxa1 19. Rxa1 Bb7 20. Rd1 Ndf6 21. e5 Bxg2
22. Kxg2 Ne4 23. Qd7 Qxd7 24. Rxd7 f5 25. g4 Ng7 26. b4 Ra8 27. Bxc5 Rxa2 28.
Ned4 Nxc5 29. bxc5 Ne6 30. Kf3 Nxc5 31. Rd5 Ne6 32. Rxb5 Ra3+ 33. Nxa3 Nxd4+ 34.
Kg3 Nxb5 35. Nxb5 Rf8 36. Nd6 Kg7 37. Kf3 h6 38. Ke3 h5 39. Kf3 h4 40. gxf5 gxf5
41. Kg2 Kg6 42. Kf2 Rd8 43. Kf3 Rd7 44. Kf2 Ra7 45. Ke3 Ra3+ 46. Kf2 Rd3 47. Kg2
Rc3 48. Kf2 Rxh3 49. e6 Rh2+ 50. Kf3 Kf6 51. Nxf5 Kxe6 52. Kg4 h3 53. Ng3 Kf6
54. Kh4 Ke7 55. Nf5+ Kf6 56. Ng3 Kg7 57. Kg4 Kh6 58. Nf5+ Kg6 59. Ng3 Rf2 60.
f5+ Kh6 61. Kxh3 Rf4 62. Ne2 Rf2 63. Ng3 Rf4 64. Ne2 Rxf5 65. Kg4 Kg6 66. Ng3
Re5 67. Kf4 Ra5 68. Ne4 Rd5 69. Ng3 Rd4+ 70. Ne4 Rd3 71. Ke5 Rf3 72. Nd6 Rf1 73.
Ne4 Rf5+ 74. Kd4 Ra5 75. Nc5 Kf5 76. Kd5 Ra8 77. Ne6 Ra5+ 78. Nc5 Ra7 79. Kd4
Ra1 80. Nd3 Ra3 81. Nc5 Ra2 82. Nd3 Ra4+ 83. Kd5 Kf6 84. Nc5 Ra3 85. Kd4 Ra8 86.
Ne4+ Kf5 87. Nd6+ Kf4 88. Kd5 Ra5+ 89. Kd4 Ra1 90. Kd5 Rd1+ 91. Ke6 Rd4 92. Nb5
Rc4 93. Kd5 Rc1 94. Nd6 Rd1+ 95. Ke6 Rd2 96. Nc4 Rd3 97. Nd6 Rd4 98. Nb5 Ra4 99.
Kd5 Ra5 100. Kc4 Ke5 101. Nc3 Ra6 102. Kc5 Ra8 103. Kc4 Rd8 104. Nb5 Rc8+ 105.
Kd3 Rb8 106. Kc4 Rh8 107. Nc3 Rh4+ 108. Kc5 Rg4 109. Nb5 Rg5 110. Kc4 Rg2 111.
Nc3 Rd2 112. Kc5 Rd8 1/2-1/2

[Event "Olimpiade 2014 - Open"]
[Site "Tromsø"]
[Date "04.08.2014"]
[Round "3.60"]
[Board "1"]
[White "Larrea, Manuel"]
[Black "Elarbi, Abobker"]
[Result "0-1"]
[WhiteTitle "FM"]
[BlackTitle "FM"]
[WhiteElo "2333"]
[BlackElo "2283"]
[WhiteTeam "Uruguay"]
[BlackTeam "Libya"]
[WhiteFideId "3000508"]
[BlackFideId "9200355"]
[EventDate "2014.08.02"]

1. e4 e5 2. Nf3 Nc6 3. Bb5 a6 4. Ba4 Nf6 5. d3 d6 6. c3 Be7 7. O-O O-O 8. Re1
Nd7 9. d4 b5 10. Bc2 Bf6 11. Be3 Re8 12. Nbd2 Rb8 13. a3 exd4 14. cxd4 Nb6 15.
b3 Bd7 16. h3 g6 17. Nf1 a5 18. Ng3 a4 19. b4 Bg7 20. Ra2 d5 21. Bg5 f6 22. Bc1
Be6 23. e5 fxe5 24. dxe5 d4 25. Bg5 Qd7 26. Ra1 Bd5 27. Nxd4 Nxe5 28. Ne4 Bxe4
29. Rxe4 Nf7 30. Be3 Rbd8 31. Qf3 Nc4 32. Rd1 Nfe5 33. Qg3 Nxa3 34. Nf3 Nxf3+
35. Qxf3 Qf7 36. Rf4 Qe6 37. Be4 Rxd1+ 38. Qxd1 c6 39. Qf3 Nc4 40. Bxc6 Ne5 0-1

[Event "Olimpiade 2014 - Open"]
[Site "Tromsø"]
[Date "04.08.2014"]
[Round "3.60"]
[Board "3"]
[White "Roselli Mailhe, Bernardo"]
[Black "Gator, Mosab"]
[Result "1-0"]
[WhiteTitle "IM"]
[BlackTitle "FM"]
[WhiteElo "2425"]
[BlackElo "2166"]
[WhiteTeam "Uruguay"]
[BlackTeam "Libya"]
[WhiteFideId "3000028"]
[BlackFideId "1312383"]
[EventDate "2014.08.02"]

1. d4 Nf6 2. c4 e6 3. Nc3 d5 4. cxd5 exd5 5. Bg5 Nbd7 6. e3 c6 7. Bd3 Be7 8. Qc2
O-O 9. Nf3 Re8 10. O-O g6 11. Rab1 a5 12. a3 Nf8 13. b4 Ne6 14. Bh4 Ng7 15. b5
Ne4 16. Bxe7 Qxe7 17. bxc6 bxc6 18. Ne5 Ba6 19. Bxa6 Rxa6 20. Nxe4 dxe4 21. Qc4
Rea8 22. Nxc6 Qxa3 23. Rb7 Ne6 24. d5 Nc5 25. Rc7 Re8 26. d6 1-0

[Event "Olimpiade 2014 - Open"]
[Site "Tromsø"]
[Date "04.08.2014"]
[Round "3.60"]
[Board "4"]
[White "Asabri, Hussien"]
[Black "Coppola, Claudio"]
[Result "1/2-1/2"]
[WhiteTitle "FM"]
[BlackTitle "IM"]
[WhiteElo "2202"]
[BlackElo "2190"]
[WhiteTeam "Libya"]
[BlackTeam "Uruguay"]
[WhiteFideId "9200177"]
[BlackFideId "3001717"]
[EventDate "2014.08.02"]

1. d4 Nf6 2. Nf3 c5 3. d5 b5 4. Bg5 Qb6 5. Bxf6 exf6 6. e4 d6 7. Nbd2 Be7 8. a4
b4 9. Bb5+ Bd7 10. Nc4 Qc7 11. O-O O-O 12. h3 a6 13. Bxd7 Nxd7 14. a5 Rfe8 15.
Re1 Bf8 16. Qd3 g6 17. Qd2 Rab8 18. h4 h5 19. Qf4 Ne5 20. Nfxe5 fxe5 21. Qf3 Be7
22. g3 Qd7 23. Kh2 Kg7 24. b3 Rh8 25. Kg2 Rbf8 26. Nb6 Qg4 27. Qxg4 hxg4 28. Nd7
Rd8 29. Nb6 Rdf8 30. Nd7 Rd8 1/2-1/2

[Event "Olimpiade 2014 - Open"]
[Site "Tromsø"]
[Date "04.08.2014"]
[Round "3.61"]
[Board "1"]
[White "Efimov, Igor"]
[Black "Mooney, Graham"]
[Result "1-0"]
[WhiteTitle "GM"]
[WhiteElo "2408"]
[BlackElo "1880"]
[WhiteTeam "Monaco"]
[BlackTeam "Jersey"]
[WhiteFideId "806404"]
[BlackFideId "15600106"]
[EventDate "2014.08.02"]

1. d4 Nf6 2. c4 g6 3. Nc3 Bg7 4. Bg5 d6 5. Nf3 Nc6 6. e3 O-O 7. Be2 Bf5 8. Nd2
h6 9. Bh4 e5 10. d5 Nb4 11. e4 Bd7 12. a3 Na6 13. b4 c6 14. dxc6 bxc6 15. c5 Nc7
16. cxd6 Ne6 17. O-O Nd4 18. Nc4 g5 19. Bg3 Nxe4 20. Nxe4 f5 21. Bxe5 Nxe2+ 22.
Qxe2 fxe4 23. Qxe4 Qe8 24. Qe3 Qf7 25. Bxg7 Qxg7 26. Rac1 Rae8 27. Qxa7 Rf7 28.
Qc5 Rf5 29. Qb6 Ref8 30. Qe3 h5 31. Nb6 Re5 32. Qc3 Rfe8 33. Nxd7 Qxd7 34. Qxc6 1-0

[Event "Olimpiade 2014 - Open"]
[Site "Tromsø"]
[Date "04.08.2014"]
[Round "3.61"]
[Board "2"]
[White "Wojciechowski, Paul"]
[Black "Villegas, Pierre"]
[Result "0-1"]
[WhiteTitle "CM"]
[BlackTitle "FM"]
[WhiteElo "2056"]
[BlackElo "2323"]
[WhiteTeam "Jersey"]
[BlackTeam "Monaco"]
[WhiteFideId "15600017"]
[BlackFideId "654183"]
[EventDate "2014.08.02"]

1. e4 c5 2. Nf3 a6 3. d4 cxd4 4. Nxd4 Nf6 5. Nc3 e5 6. Nf3 Nc6 7. Bg5 Be7 8. Bc4
d6 9. h3 Be6 10. Bxf6 Bxc4 11. Bxe7 Nxe7 12. b3 Be6 13. O-O Rc8 14. Ne2 b5 15.
Rc1 Rc6 16. Qd2 O-O 17. Rfd1 Qc7 18. Ne1 Rc8 19. f4 f6 20. fxe5 fxe5 21. Qg5 Kh8
22. Ng3 Ng8 23. Rd3 Rf8 24. Rcd1 Rf4 25. Nh5 Rxe4 26. Rg3 g6 27. Nf6 Rf4 28.
Nxg8 Kxg8 29. Nd3 Rf5 30. Qh6 d5 31. Nb4 Rd6 32. Kh1 a5 33. Nd3 Rc6 34. Ne1 Qf7
35. Nf3 Qf8 36. Qe3 Rxc2 37. Nxe5 Rf1+ 38. Rxf1 Qxf1+ 39. Kh2 Rc1 40. Rf3 Qh1+
41. Kg3 Qe1+ 42. Qxe1 Rxe1 43. Nc6 Bf5 44. a4 b4 45. Nxa5 Be4 46. Rf2 Kg7 47.
Kf4 Kf6 48. Nc6 Bf5 49. Nxb4 Re4+ 50. Kg3 Rxb4 51. Rb2 d4 52. a5 Be6 53. Kf4
Rxb3 54. Rxb3 Bxb3 55. Ke4 Bd5+ 56. Kxd4 Bxg2 57. h4 Kf5 58. h5 gxh5 59. Ke3 Kg4
60. Kf2 Ba8 0-1

[Event "Olimpiade 2014 - Open"]
[Site "Tromsø"]
[Date "04.08.2014"]
[Round "3.61"]
[Board "3"]
[White "Van Hoolandt, Patrick"]
[Black "Kahn, Tito"]
[Result "1/2-1/2"]
[WhiteTitle "FM"]
[WhiteElo "2236"]
[BlackElo "2000"]
[WhiteTeam "Monaco"]
[BlackTeam "Jersey"]
[WhiteFideId "200999"]
[BlackFideId "15600084"]
[EventDate "2014.08.02"]

1. d4 d5 2. c4 c6 3. cxd5 cxd5 4. Nf3 Nc6 5. Nc3 Nf6 6. Bf4 Bf5 7. e3 e6 8. Bb5
Nd7 9. Bg3 Be7 10. Rc1 Rc8 11. a3 O-O 12. O-O a6 13. Bxc6 bxc6 14. Na4 c5 15.
dxc5 Nxc5 16. Nd4 Bg6 17. Nxc5 Bxc5 18. b4 Bxd4 19. Qxd4 Rc4 20. Qd2 f6 21. Rfd1
Qb6 22. Rxc4 dxc4 23. Qc3 Bd3 24. Bc7 Qb5 25. Bd6 Re8 26. Bc5 e5 27. f3 Qa4 28.
Rd2 g5 29. e4 Kg7 30. Kf2 h6 1/2-1/2

[Event "Olimpiade 2014 - Open"]
[Site "Tromsø"]
[Date "04.08.2014"]
[Round "3.61"]
[Board "4"]
[White "Forbes, Garry"]
[Black "Nelis, Jean-Francois"]
[Result "0-1"]
[WhiteElo "1917"]
[BlackElo "2224"]
[WhiteTeam "Jersey"]
[BlackTeam "Monaco"]
[WhiteFideId "10700331"]
[BlackFideId "623830"]
[EventDate "2014.08.02"]

1. d4 d6 2. e4 c6 3. Be3 Qb6 4. Qc1 g6 5. h3 Bg7 6. Nf3 Nf6 7. Nbd2 O-O 8. Bd3
Nbd7 9. O-O Qc7 10. Re1 e5 11. c3 Re8 12. dxe5 dxe5 13. Qc2 Nf8 14. Bf1 Ne6 15.
g3 Bf8 16. Rad1 Nd7 17. Ng5 Nxg5 18. Bxg5 b5 19. Bg2 a6 20. Nf1 f6 21. Bc1 Nb6
22. Ne3 Be6 23. Re2 Rad8 24. Red2 Rxd2 25. Rxd2 Rd8 26. Rxd8 Qxd8 27. Kh2 Qd7
28. Bf1 h5 29. h4 Be7 30. Be2 Qd6 31. Bd2 a5 32. b3 Kf7 33. Be1 Nd7 34. Bd2 Bd8
35. Bc1 Bb6 36. Bd2 Kg7 37. Be1 Bf7 38. Bd2 Bc5 39. Bc1 Be6 40. Bd2 Bb6 41. Bc1
Bc7 42. Bd2 Kf7 43. Bc1 Qc5 44. Bd2 Nb6 45. Bc1 Bd6 46. Kg2 Bf8 47. Bd2 Nc8 48.
Bc1 Nd6 49. Kh2 Bh6 50. Kg1 b4 51. c4 Nb7 52. Qd3 Bf8 53. Nc2 Qb6 54. Be3 Bc5
55. Bxc5 Qxc5 56. Qe3 Qxe3 57. Nxe3 Ke7 58. Kf1 Kd6 59. Ke1 Kc5 60. Kd2 Kd4 61.
f3 Nd6 62. Bd3 Bh3 63. Nc2+ Kc5 64. Ne3 Be6 65. Ke2 Nc8 66. Kd2 Nb6 67. Be2 a4
68. Kd3 a3 69. g4 Nd7 70. Ng2 Kd6 71. gxh5 gxh5 72. f4 Nc5+ 73. Kc2 Nxe4 74.
fxe5+ Kxe5 75. Bxh5 Bf5 76. Ne3 Bh7 77. Be2 Kd4 78. Nd1 Nc3+ 79. Kd2 Nxa2 80.
Ne3 Nc3 0-1

[Event "Olimpiade 2014 - Open"]
[Site "Tromsø"]
[Date "04.08.2014"]
[Round "3.62"]
[Board "1"]
[White "Asefi, Zaheeruddeen"]
[Black "Al Qudaimi, Basheer"]
[Result "0-1"]
[WhiteTitle "FM"]
[BlackTitle "IM"]
[WhiteElo "1996"]
[BlackElo "2396"]
[WhiteTeam "Afghanistan"]
[BlackTeam "Yemen"]
[WhiteFideId "11700025"]
[BlackFideId "9400346"]
[EventDate "2014.08.02"]

1. d4 d5 2. Nf3 c6 3. c4 e6 4. Nc3 dxc4 5. e3 b5 6. a4 Bb4 7. Bd2 a5 8. Ne5 Bb7
9. Qf3 Qc7 10. Qg3 f6 11. Ng6 Bd6 12. Qh3 hxg6 13. Qxh8 Kf7 14. Qh3 Ba6 15. Be2
f5 16. axb5 cxb5 17. Bf3 Ra7 18. Nd5 Qc8 19. Bxa5 Bb7 20. Nc3 Bc7 21. Nxb5 Rxa5
22. Nd6+ Bxd6 23. Rxa5 Bb4+ 24. Ke2 Bxa5 25. Ra1 c3 26. Rxa5 Qc4+ 0-1

[Event "Olimpiade 2014 - Open"]
[Site "Tromsø"]
[Date "04.08.2014"]
[Round "3.62"]
[Board "2"]
[White "Al Badani, Abdu"]
[Black "Kooshani, Mahbuboollah"]
[Result "1-0"]
[WhiteTitle "FM"]
[BlackTitle "FM"]
[WhiteElo "2180"]
[BlackElo "2036"]
[WhiteTeam "Yemen"]
[BlackTeam "Afghanistan"]
[WhiteFideId "9400176"]
[BlackFideId "11700084"]
[EventDate "2014.08.02"]

1. e4 e5 2. Nf3 Nc6 3. Bc4 Bc5 4. d3 Nf6 5. Be3 Bb6 6. O-O d6 7. c3 O-O 8. b4
Ne7 9. Bg5 Ng6 10. Nh4 Nxh4 11. Bxh4 h6 12. Kh1 g5 13. Bg3 Kg7 14. Nd2 h5 15. d4
Qe7 16. dxe5 dxe5 17. h3 h4 18. Bh2 g4 19. f4 gxh3 20. gxh3 Bxh3 21. fxe5 Ng4
22. Qf3 Nxh2 23. Qxh3 Nxf1 24. Rxf1 Qg5 25. Nf3 Qg3 26. Qf5 h3 27. Qf6+ Kg8 28.
Nh4 Qg7 29. Qf5 Rae8 30. e6 fxe6 31. Bxe6+ Kh8 32. Qh5+ Qh7 33. Rxf8+ Rxf8 34.
Ng6+ Kg7 35. Qxh7+ Kxh7 36. Nxf8+ Kg7 37. Nd7 Kg6 38. Nxb6 1-0

[Event "Olimpiade 2014 - Open"]
[Site "Tromsø"]
[Date "04.08.2014"]
[Round "3.62"]
[Board "3"]
[White "Ahmadi, Zabiullah"]
[Black "Al-Hadarani, Hatim"]
[Result "0-1"]
[BlackTitle "FM"]
[WhiteElo "2031"]
[BlackElo "2254"]
[WhiteTeam "Afghanistan"]
[BlackTeam "Yemen"]
[WhiteFideId "11700033"]
[BlackFideId "9400273"]
[EventDate "2014.08.02"]

1. e4 c6 2. d4 g6 3. Nc3 Bg7 4. Nf3 d6 5. Bd3 Bg4 6. Bc4 e6 7. Be3 Qb6 8. Bb3
Bxf3 9. gxf3 d5 10. Qd2 Nf6 11. h4 Nbd7 12. O-O-O Nh5 13. Kb1 Qc7 14. Rhe1 O-O-O
15. Ne2 dxe4 16. fxe4 Ne5 17. Qb4 a5 18. Qc3 Ng4 19. f3 Nxe3 20. Qxe3 Bf6 21.
Rh1 Qb6 22. e5 Be7 23. c4 Rd7 24. Qe4 Qb4 25. d5 a4 26. dxc6 Rc7 27. Bc2 Rxc6
28. b3 f5 29. Qe3 Kb8 30. Nd4 Rxc4 31. Nxe6 Rhc8 32. Rh2 axb3 33. Bxb3 Rc3 34.
Rd3 f4 35. Qd2 Rc1+ 36. Qxc1 Rxc1+ 37. Kxc1 Qe1+ 38. Kc2 Qxe5 39. Rhd2 Nf6 40.
Nd4 Bb4 41. Re2 Qc5+ 42. Kb1 Ba3 43. Rc2 Qb6 44. Rc4 Nd5 45. Ne2 Nb4 46. Rdd4
Nc6 47. Rxf4 Qf2 48. Rfe4 Qxf3 49. Re8+ Kc7 50. Rf4 Qd3+ 51. Bc2 Qd2 52. Rf7+
Kb6 53. Rf1 Nb4 0-1

[Event "Olimpiade 2014 - Open"]
[Site "Tromsø"]
[Date "04.08.2014"]
[Round "3.62"]
[Board "4"]
[White "Al-Aqrabi, Saleh"]
[Black "Sarwary, Hamidullah"]
[Result "1-0"]
[WhiteElo "2139"]
[BlackElo "1920"]
[WhiteTeam "Yemen"]
[BlackTeam "Afghanistan"]
[WhiteFideId "9400338"]
[BlackFideId "11700580"]
[EventDate "2014.08.02"]

1. d4 Nf6 2. c4 e6 3. Nc3 d5 4. Bg5 Be7 5. Nf3 b6 6. e3 Bb7 7. Be2 Nbd7 8. O-O
O-O 9. Rc1 c5 10. a3 Rc8 11. Nd2 a6 12. dxc5 bxc5 13. Qc2 Ne5 14. Rfd1 Ng6 15.
Qb3 Rb8 16. Qc2 Qc7 17. Na4 Rfc8 18. cxd5 exd5 19. Bxf6 gxf6 20. Bg4 Rd8 21.
Nxc5 Bxc5 22. Qxc5 Qe5 23. Qd4 Qxd4 24. exd4 Bc8 25. Bxc8 Rdxc8 26. b4 Nf4 27.
Kf1 Nd3 28. Rxc8+ Rxc8 29. Nb3 Rc3 30. Nc5 Nxc5 31. dxc5 Rxa3 32. Rxd5 Ra4 33.
Rd8+ Kg7 34. Rb8 Ra2 35. c6 Rc2 36. Rb6 Kg6 37. Rxa6 Kf5 38. g3 Ke4 39. b5 Kd5
40. Rb6 Kd6 41. Rb7 Ke6 42. c7 h5 43. b6 Kd7 44. Rb8 1-0